Water-quality assessment of part of the upper Mississippi River Basin, Minnesota and Wisconsin : design and implementation of water-quality studies, 1995-98 /

Bibliographic Details
Main Author: Stark, James R.
Corporate Authors: Geological Survey (U.S.), National Water-Quality Assessment Program (U.S.)
Format: Government Document Book
Language:English
Published: Mounds View, Minn. : U.S. Dept. of the Interior, U.S. Geological Survey ; 1999.
Series:Water-resources investigations report ; 99-4135.
Subjects:

MARC

Tag First Indicator Second Indicator Subfields
LEADER 00000cam a2200000 a 4500
001 in00000006445
005 20151001080034.0
008 980626s1999 mnuab b f000 0 eng d
035 |a (OCoLC)42630933 
035 |9 AJL6186AM 
040 |d GPO  |d DLC  |d MvI  |d UtOrBLW 
043 |a n-us-mn 
049 |a UDOC 
074 |a 0624-B 
086 0 |a I 19.42/4:99-4135 
100 1 |a Stark, James R. 
245 1 0 |a Water-quality assessment of part of the upper Mississippi River Basin, Minnesota and Wisconsin :  |b design and implementation of water-quality studies, 1995-98 /  |c by James R. Stark [and others]. 
246 2 |a Water quality assessment of part of the upper Mississippi River basin, Minnesota and Wisconsin 
246 3 0 |a Design and implementation of water-quality studies, 1995-98 
264 1 |a Mounds View, Minn. :  |b U.S. Dept. of the Interior, U.S. Geological Survey ;  |c 1999. 
264 2 |a Denver, CO :  |b Branch of Information Services [distributor], 
300 |a viii, 85 pages :  |b illustrations, maps (some color) ;  |c 28 cm. 
336 |a text  |b txt  |2 rdacontent 
337 |a unmediated  |b n  |2 rdamedia 
338 |a volume  |b nc  |2 rdacarrier 
490 1 |a Water-resources investigations report ;  |v 99-4135 
500 |a "National Water-Quality Assessment Program." 
500 |a Shipping list number: 2000-0023-P. 
500 |a Shipping List #: 2000-0023-P 
500 |a Shipping List Date: 10/27/1999 
504 |a Includes bibliographical references (pages 27-30). 
650 0 |a Groundwater  |z Minnesota  |z Minneapolis Metropolitan Area. 
650 0 |a Groundwater  |z Minnesota  |z Saint Paul Metropolitan Area. 
700 1 |a Stark, James R. 
710 2 |a Geological Survey (U.S.) 
710 2 |a National Water-Quality Assessment Program (U.S.) 
830 0 |a Water-resources investigations report ;  |v 99-4135. 
999 |a MARS 
999 f f |s 4dc35f7f-7acb-3d0f-9dc4-2c4581d1c023  |i f9e8cf0d-3e3d-3dc1-bc28-49250e1bc780  |t 0 
952 f f |p normal  |a Texas A&M University  |b College Station  |c Sterling C. Evans Library  |d Evans: US Documents (Annex 5th floor)  |t 0  |e I 19.42/4:99-4135  |h Superintendent of Documents classification  |i unmediated -- volume  |m A14824312395 
998 f f |a I 19.42/4:99-4135  |t 0  |l Evans: US Documents (Annex 5th floor)